Statistics for Countries that Start with B - Picture Quiz

Click here to take the quiz!

General Stats

  • This quiz has been taken 68 times
  • The average score is 11 of 17

Answer Stats

Answer % Correct
Brazil
98%
Belgium
90%
Bhutan
85%
Belize
76%
Bosnia and Herzegovina
71%
Brunei
68%
Bulgaria
66%
Bahamas
64%
Bangladesh
63%
Bahrain
61%
Botswana
54%
Burkina Faso
54%
Barbados
53%
Bolivia
49%
Belarus
47%
Benin
44%
Burundi
41%

Score Distribution

Percentile by Number Answered

Percent of People with Each Score

Your Score History

You have not taken this quiz